English Names of Lunar Seas - Statistics

General Stats
  • This quiz has been taken 7 times
  • The average score is 8 of 14
Answer Stats
Hint Answer % Correct
Oceanus Procellarum Ocean of Storms
83%
Mare Fecunditatus Sea of Fertility
83%
Mare Serenitatus Sea of Serenity
83%
Mare Tranquillitatus Sea of Tranquility
83%
Mare Orientale Eastern Sea
67%
Mare Crisium Sea of Crises
67%
Mare Humboldtianum Sea of Alexander von Humboldt
50%
Mare Insularum Sea of Islands
50%
Mare Humorum Sea of Moisture
50%
Mare Muscoviense Sea of Moscow
50%
Mare Imbrium Sea of Rain
33%
Mare Vaporum Sea of Vapours
33%
Mare Cognitum Sea that has Become Known
33%
Mare Ingenii Sea of Cleverness
17%
No matching quizzes found
Score Distribution
Percent of People with Each Score
Percentile by Number Answered
Your Score History
You have not taken this quiz